What Language is it? - Statistics

General Stats
  • This quiz has been taken 86 times
  • The average score is 13 of 15
Answer Stats
Hint Answer % Correct
English English
100%
français French
99%
español Spanish
99%
Português Portuguese
95%
Polski Polish
94%
Italiano Italian
92%
Deutsch German
87%
عربي Arabic
86%
中國人 Chinese
84%
Filipino Filipino
82%
Zulu Zulu
77%
українська Ukrainian
75%
Ελληνικά Greek
72%
íslenskur Icelandic
58%
Suomalainen Finnish
57%
No matching quizzes found
Score Distribution
Percent of People with Each Score
Percentile by Number Answered
Your Score History
You have not taken this quiz